[Event "Varazdin Spancir op 1st"]
[Site "Varazdin"]
[Date "2023.08.26"]
[Round "4"]
[White "Frouth, Nenad"]
[Black "Kovacek, Pavlo"]
[Result "1-0"]
[WhiteElo "2094"]
[BlackElo "1798"]
[PlyCount "101"]
[EventDate "2023.08.24"]
[EventType "swiss"]
[EventRounds "7"]
[EventCountry "CRO"]
[SourceTitle "EXT 2024"]
[Source "ChessBase"]
[SourceDate "2023.10.10"]
[SourceVersion "1"]
[SourceVersionDate "2023.10.10"]
[SourceQuality "1"]

1. Nf3 Nf6 2. b3 g6 3. Bb2 Bg7 4. e3 c5 5. Be2 0-0 6. 0-0 Nc6 7. c4 b6 8. d4 cxd4 9. exd4 d5 10. Ne5 Qc7 11. Nc3 Be6 12. Rc1 Nxe5 13. Nxd5 Bxd5 14. cxd5 Nf3+ 15. Bxf3 Qd6 16. Rc6 Qd7 17. d6 exd6 18. d5 Rfe8 19. Ba3 Bf8 20. Qd4 Re5 21. Bb2 Bg7 22. Qb4 Rf5 23. Rxd6 Qb7 24. Qd2 Ne8 25. Rc6 Rd8 26. Rfc1 Bxb2 27. Qxb2 Qe7 28. h3 Nf6 29. Rc7 Rd7 30. Rc8+ Kg7 31. Bg4 Rfxd5 32. Bxd7 Rxd7 33. R1c6 Rd6 34. Rxd6 Qxd6 35. Qc3 Qd1+ 36. Kh2 Qd6+ 37. g3 Qe6 38. Rc6 Qf5 39. Qd4 g5 40. Kg2 h5 41. g4 hxg4 42. hxg4 Qd5+ 43. Qxd5 Nxd5 44. Rd6 Nb4 45. a4 Na2 46. Rc6 Nb4 47. Rc7 a6 48. Rb7 Nd5 49. Rd7 Nc3 50. Rd6 b5 51. Rxa6 1-0

[Event "Varazdin Spancir op 1st"]
[Site "Varazdin"]
[Date "2023.08.24"]
[Round "1"]
[White "Drozdek, Teo"]
[Black "Frouth, Nenad"]
[Result "0-1"]
[WhiteElo "1688"]
[BlackElo "2094"]
[PlyCount "22"]
[EventDate "2023.08.24"]
[EventType "swiss"]
[EventRounds "7"]
[EventCountry "CRO"]
[SourceTitle "EXT 2024"]
[Source "ChessBase"]
[SourceDate "2023.10.10"]
[SourceVersion "1"]
[SourceVersionDate "2023.10.10"]
[SourceQuality "1"]

1. c4 Nf6 2. Nc3 d5 3. cxd5 Nxd5 4. Qb3 Nb6 5. d3 Nc6 6. g3 g6 7. Bg2 Bg7 8. a4 Nd4 9. Qd1 Be6 10. Bxb7 Bb3 11. Bc6+ Kf8 0-1

[Event "EU-ch Amateur U2300"]
[Site "Zagreb"]
[Date "2022.08.18"]
[Round "6"]
[White "Vanden Bussche, Steven"]
[Black "Frouth, Nenad"]
[Result "1/2-1/2"]
[WhiteElo "2026"]
[BlackElo "2121"]
[PlyCount "141"]
[EventDate "2022.08.14"]
[EventType "swiss"]
[EventRounds "9"]
[EventCountry "CRO"]
[SourceTitle "CBM 210 Extra"]
[Source "ChessBase"]
[SourceDate "2022.11.30"]
[SourceVersion "1"]
[SourceVersionDate "2022.11.30"]
[SourceQuality "1"]

1. d4 Nf6 2. Bf4 g6 3. e3 Bg7 4. Nf3 d6 5. h3 Nbd7 6. Be2 c5 7. c3 0-0 8. 0-0 a6 9. a4 b6 10. Nbd2 Bb7 11. Bh2 Qc7 12. Qb3 Ne4 13. Nxe4 Bxe4 14. Ng5 Bb7 15. Bc4 e6 16. Bxe6 fxe6 17. Qxe6+ Kh8 18. Nf7+ Rxf7 19. Qxf7 Qc6 20. f3 d5 21. Qf4 Kg8 22. b4 Rf8 23. Qd6 Re8 24. Rfe1 Qxd6 25. Bxd6 Kf7 26. a5 cxb4 27. cxb4 Re6 28. Bf4 Bc6 29. axb6 Bb5 30. Rec1 Rxb6 31. Rc7 Ke6 32. Bg3 Bf8 33. Be1 Bc4 34. e4 Bd6 35. Ra7 Bb8 36. exd5+ Bxd5 37. R7xa6 Bc4 38. Rxb6+ Nxb6 39. Bf2 Bd6 40. Ra7 h5 41. Rg7 Bd3 42. b5 Nd5 43. Rb7 Bc7 44. h4 Bb6 45. g4 Bxb5 46. gxh5 gxh5 47. Rh7 Be8 48. Rh6+ Kf5 49. Kh2 Nf6 50. Be3 Bg6 51. Rh8 Ne8 52. Rf8+ Ke6 53. d5+ Ke7 54. Rxe8+ Bxe8 55. Bxb6 Kd6 56. Kg3 Kxd5 57. Kf4 Ke6 58. Kg5 Bf7 59. f4 Ke7 60. Bc5+ Ke8 61. f5 Kd7 62. Kf6 Ke8 63. Bb4 Bc4 64. Kg6 Bf7+ 65. Kh6 Kd7 66. Kg7 Ke8 67. Bc5 Bc4 68. Be3 Bb3 69. Bg5 Bc4 70. Kg6 Bf7+ 71. Kg7 1/2-1/2

[Event "EU-ch Amateur U2300"]
[Site "Zagreb"]
[Date "2022.08.15"]
[Round "2"]
[White "Frouth, Nenad"]
[Black "Vrban, Mladen"]
[Result "0-1"]
[WhiteElo "2121"]
[BlackElo "2297"]
[PlyCount "58"]
[EventDate "2022.08.14"]
[EventType "swiss"]
[EventRounds "9"]
[EventCountry "CRO"]
[SourceTitle "CBM 210 Extra"]
[Source "ChessBase"]
[SourceDate "2022.11.30"]
[SourceVersion "1"]
[SourceVersionDate "2022.11.30"]
[SourceQuality "1"]

1. e4 d5 2. exd5 Qxd5 3. Nc3 Qd6 4. Bc4 Nf6 5. Nf3 a6 6. a4 Nc6 7. Qe2 Bg4 8. Ne4 Qf4 9. Neg5 e6 10. d3 Qd6 11. Ne4 Qd8 12. c3 Ne5 13. Nxf6+ gxf6 14. Qe4 Bf5 15. Qxb7 Rb8 16. Qxa6 Rb6 17. Qa5 Nxd3+ 18. Bxd3 Bxd3 19. Qh5 Rg8 20. a5 Rd6 21. Be3 Rxg2 22. Nd4 Qa8 23. Qf3 Be4 24. Qe2 c5 25. Nb5 Rd7 26. a6 Bf3 27. Qc4 Rg4 28. Qxg4 Bxg4 29. Rg1 Qf3 0-1

[Event "EU-ch Amateur U2300"]
[Site "Zagreb"]
[Date "2022.08.14"]
[Round "1"]
[White "Frouth, Nenad"]
[Black "Green, Michael"]
[Result "1-0"]
[WhiteElo "2121"]
[BlackElo "1997"]
[PlyCount "77"]
[EventDate "2022.08.14"]
[EventType "swiss"]
[EventRounds "9"]
[EventCountry "CRO"]
[SourceTitle "CBM 210 Extra"]
[Source "ChessBase"]
[SourceDate "2022.11.30"]
[SourceVersion "1"]
[SourceVersionDate "2022.11.30"]
[SourceQuality "1"]

1. e4 c6 2. d4 d5 3. exd5 cxd5 4. c4 Nf6 5. Nc3 Nc6 6. Nf3 Bg4 7. cxd5 Nxd5 8. Bc4 e6 9. Be3 Bb4 10. Rc1 Qf6 11. Be2 Bf5 12. 0-0 Nxc3 13. bxc3 Ba3 14. Ra1 Bb2 15. Rb1 Bxb1 16. Qxb1 Bxc3 17. Qxb7 0-0 18. Qxc6 Rac8 19. Qe4 Qg6 20. Qh4 Qc2 21. Ba6 Rb8 22. h3 Qxa2 23. Bd3 f5 24. g4 Qd5 25. Qg3 f4 26. Bxf4 Rb2 27. Ng5 Bxd4 28. Bxh7+ Kh8 29. Be4 Bxf2+ 30. Rxf2 Qd1+ 31. Kh2 Rxf2+ 32. Qxf2 Kg8 33. Bh7+ Kh8 34. Bc2 Rxf4 35. Qh4+ Kg8 36. Qh7+ Kf8 37. Qh8+ Ke7 38. Qxg7+ Kd6 39. Bxd1 1-0

[Event "Zagreb Damjanovic Memorial 2nd"]
[Site "Zagreb"]
[Date "2018.07.20"]
[Round "5"]
[White "Matecic, Robert"]
[Black "Frouth, Nenad"]
[Result "0-1"]
[WhiteElo "1841"]
[BlackElo "2155"]
[PlyCount "72"]
[EventDate "2018.07.16"]
[EventType "swiss"]
[EventRounds "9"]
[EventCountry "CRO"]
[SourceTitle "EXT 2019"]
[Source "ChessBase"]
[SourceDate "2018.10.10"]
[SourceVersion "1"]
[SourceVersionDate "2018.10.10"]
[SourceQuality "1"]

1. e4 e5 2. Nf3 Nc6 3. Bb5 a6 4. Ba4 Nf6 5. 0-0 Be7 6. Re1 b5 7. Bb3 0-0 8. h3 d6 9. c3 Be6 10. d4 Bxb3 11. axb3 exd4 12. cxd4 Nb4 13. d5 c5 14. dxc6 Nxc6 15. Nc3 h6 16. Bf4 Nb4 17. Nd4 Qd7 18. Nf5 Rfd8 19. g4 Rac8 20. Qd2 Bf8 21. Kh2 d5 22. Rac1 d4 23. Ne2 Nxe4 24. Qxd4 Qxd4 25. Nfxd4 Nxf2 26. Rxc8 Rxc8 27. Bd2 Nfd3 28. Ra1 g6 29. Kg2 Bg7 30. Bc3 Rd8 31. Kf3 Rd6 32. Kg3 Nd5 33. b4 N3xb4 34. Kf3 Nxc3 35. bxc3 Nd5 36. Ke4 Nxc3+ 0-1

[Event "Zagreb Damjanovic Memorial 1st"]
[Site "Zagreb"]
[Date "2016.11.16"]
[Round "8"]
[White "Frouth, Nenad"]
[Black "Horvat, Damjan"]
[Result "1-0"]
[WhiteElo "2152"]
[BlackElo "1924"]
[PlyCount "69"]
[EventDate "2016.11.10"]
[EventType "swiss"]
[EventRounds "9"]
[EventCountry "CRO"]
[SourceTitle "CBM 175 Extra"]
[Source "ChessBase"]
[SourceDate "2016.12.12"]
[SourceVersion "1"]
[SourceVersionDate "2016.12.12"]
[SourceQuality "1"]

1. e4 c5 2. Nf3 d6 3. c4 Nc6 4. d4 cxd4 5. Nxd4 Nf6 6. Nc3 g6 7. Be2 Bg7 8. Be3 0-0 9. 0-0 a6 10. f3 e6 11. Qd2 Qc7 12. Rac1 Nxd4 13. Bxd4 b6 14. Rfd1 Rd8 15. b4 Bb7 16. Na4 Qc6 17. Nxb6 Rab8 18. b5 Qe8 19. Qa5 axb5 20. cxb5 e5 21. Bf2 Bh6 22. Rc7 d5 23. Qa7 Ba8 24. Re7 Qf8 25. exd5 Bxd5 26. Bc5 Bf4 27. g3 Rb7 28. Qa3 Rxb6 29. Bxb6 Ra8 30. Qd6 Rxa2 31. Qxf6 Rxe2 32. Rxd5 Re1+ 33. Kf2 Rh1 34. Rd8 Rxh2+ 35. Kg1 1-0

[Event "Zagreb Damjanovic Memorial 1st"]
[Site "Zagreb"]
[Date "2016.11.12"]
[Round "3"]
[White "Kristovic, Marijan"]
[Black "Frouth, Nenad"]
[Result "1-0"]
[WhiteElo "2284"]
[BlackElo "2152"]
[PlyCount "93"]
[EventDate "2016.11.10"]
[EventType "swiss"]
[EventRounds "9"]
[EventCountry "CRO"]
[SourceTitle "CBM 175 Extra"]
[Source "ChessBase"]
[SourceDate "2016.12.12"]
[SourceVersion "1"]
[SourceVersionDate "2016.12.12"]
[SourceQuality "1"]

1. e4 e5 2. Nf3 d6 3. Bc4 Be7 4. d4 exd4 5. Nxd4 Nf6 6. Nc3 0-0 7. 0-0 Nc6 8. Re1 Ne5 9. Bf1 c5 10. Nf3 Bg4 11. Be2 Bd7 12. Bf4 Qc7 13. Bg3 a6 14. a4 Bc6 15. Nd2 Rad8 16. Bf1 g6 17. Nc4 Nxc4 18. Bxc4 Nh5 19. Nd5 Bxd5 20. Bxd5 Nxg3 21. hxg3 Bf6 22. c3 Rb8 23. a5 b5 24. axb6 Rxb6 25. Qf3 Bg7 26. Ra2 Qe7 27. Rea1 Qf6 28. Qe2 Rfb8 29. b3 Qxc3 30. Rxa6 Qxa1+ 31. Rxa1 Bxa1 32. Qa2 Bg7 33. Qa7 Kh8 34. Qxf7 Ra6 35. f4 g5 36. Qh5 Ra1+ 37. Kh2 gxf4 38. gxf4 Rf8 39. g3 Ra2+ 40. Kh3 Rf2 41. Bf7 Rb2 42. Bg6 h6 43. Bf7 Rb1 44. Qg6 Re1 45. f5 Rxf7 46. Qxf7 Be5 47. f6 1-0

[Event "CRO-chT2 Center 25th"]
[Site "Croatia"]
[Date "2016.10.23"]
[Round "9.53"]
[White "Novosel, Tomislav"]
[Black "Frouth, Nenad"]
[Result "1-0"]
[WhiteElo "2218"]
[BlackElo "2174"]
[PlyCount "129"]
[EventDate "2016.03.13"]
[EventType "team-tourn"]
[EventRounds "11"]
[EventCountry "CRO"]
[SourceTitle "EXT 2019"]
[Source "ChessBase"]
[SourceDate "2018.10.10"]
[SourceVersion "1"]
[SourceVersionDate "2018.10.10"]
[SourceQuality "1"]

1. d4 Nf6 2. Nf3 g6 3. Bg5 Bg7 4. e3 d5 5. Be2 Nbd7 6. Nbd2 0-0 7. 0-0 b6 8. c3 Bb7 9. a4 a5 10. b4 Re8 11. Bf4 Ne4 12. Nxe4 dxe4 13. Ne5 Nxe5 14. Bxe5 Qd7 15. Bxg7 Kxg7 16. Qb3 e5 17. Rfd1 exd4 18. Rxd4 Qe7 19. Rad1 Bc8 20. Bb5 Qe6 21. Qc2 Re7 22. Bc4 Qf6 23. Bd5 c6 24. Bxe4 Bg4 25. R1d2 Rae8 26. Bd3 Qg5 27. Bf1 Bf5 28. Qd1 Be4 29. Rd8 h5 30. Rxe8 Rxe8 31. Rd6 h4 32. Qd4+ Kg8 33. Qf6 Qxf6 34. Rxf6 axb4 35. cxb4 Rd8 36. f3 Kg7 37. Rf4 Bc2 38. a5 bxa5 39. bxa5 Rd1 40. Rd4 Ra1 41. a6 Ba4 42. Kf2 Ra2+ 43. Ke1 Ra1+ 44. Kd2 Bb3 45. Kc3 Be6 46. Be2 c5 47. Rd6 Ra3+ 48. Kd2 Ra2+ 49. Ke1 c4 50. Rc6 Ra1+ 51. Kf2 Ra2 52. e4 Bd7 53. Rc5 c3 54. Ke3 c2 55. Bd3 Ra3 56. Kd2 h3 57. gxh3 Bxh3 58. Rxc2 Bg2 59. Rc3 Ra4 60. Ke3 Bh3 61. Rc7 Ra3 62. Kd4 Kf6 63. a7 Ra4+ 64. Kc5 Bg2 65. Rc6+ 1-0

[Event "Krapina Regional Cup"]
[Site "Krapina"]
[Date "2016.02.21"]
[Round "3"]
[White "Frouth, Nenad"]
[Black "Zelic, Branko"]
[Result "0-1"]
[WhiteElo "2187"]
[BlackElo "2233"]
[PlyCount "102"]
[EventDate "2016.02.14"]
[EventType "team-swiss"]
[EventRounds "5"]
[EventCountry "CRO"]
[SourceTitle "CBM 171 Extra"]
[Source "ChessBase"]
[SourceDate "2016.04.26"]
[SourceVersion "1"]
[SourceVersionDate "2016.04.26"]
[SourceQuality "1"]

1. e4 c6 2. Nc3 d5 3. Nf3 Bg4 4. exd5 cxd5 5. Bb5+ Nc6 6. h3 Bh5 7. g4 Bg6 8. Ne5 Qd6 9. d4 a6 10. Ba4 b5 11. Nxg6 hxg6 12. Bb3 e6 13. Ne2 Nf6 14. Bf4 Qd8 15. f3 Bb4+ 16. Kf2 Bd6 17. Qd2 Bxf4 18. Qxf4 Qb8 19. c3 Qxf4 20. Nxf4 Ke7 21. Rae1 Kd6 22. Nd3 Nd7 23. f4 a5 24. Kf3 Rhb8 25. Ne5 Ndxe5+ 26. dxe5+ Ke7 27. f5 gxf5 28. gxf5 a4 29. Bc2 b4 30. fxe6 Kxe6 31. Kf4 a3 32. bxa3 bxc3 33. Bf5+ Ke7 34. e6 Ra4+ 35. Kg5 f6+ 36. Kg6 Ne5+ 37. Kxg7 Raa8 38. Rb1 Rg8+ 39. Kh6 Rh8+ 40. Bh7 Rag8 41. Rb7+ Kxe6 42. Rb6+ Ke7 43. Rb7+ Kd6 44. Rb6+ Nc6 45. Rf1 Rf8 46. Kg7 Kc5 47. Ra6 d4 48. Rf5+ Ne5 49. Raxf6 Rxf6 50. Rxe5+ Kd6 51. Kxf6 Rxh7 0-1

[Event "Zagreb op"]
[Site "Zagreb"]
[Date "2015.04.19"]
[Round "4"]
[White "Frouth, Nenad"]
[Black "Bosiocic, Marin"]
[Result "0-1"]
[WhiteElo "2199"]
[BlackElo "2556"]
[PlyCount "60"]
[EventDate "2015.04.17"]
[EventType "swiss"]
[EventRounds "9"]
[EventCountry "CRO"]
[SourceTitle "CBM 166 Extra"]
[Source "ChessBase"]
[SourceDate "2015.06.18"]
[SourceVersion "1"]
[SourceVersionDate "2015.06.18"]
[SourceQuality "1"]

1. e4 g6 2. d4 Bg7 3. Nf3 d6 4. Nc3 a6 5. a4 b6 6. Bc4 e6 7. h4 h6 8. Be3 Nd7 9. h5 g5 10. Ng1 Qe7 11. Nge2 Ngf6 12. Ng3 Bb7 13. f4 d5 14. exd5 gxf4 15. dxe6 fxg3 16. exd7+ Kxd7 17. Qd3 Rhe8 18. Kd2 Bxg2 19. Qf5+ Kd8 20. Rhe1 Ne4+ 21. Kd3 Nd6 22. Qf4 Qd7 23. Bd5 Bxd5 24. Nxd5 Qc6 25. Nf6 Bxf6 26. Qxf6+ Kc8 27. b3 Kb7 28. Bxh6 Qg2 29. Bg7 Ne4 30. Qxf7 Qd2+ 0-1

[Event "CRO-chT2 Center 23rd"]
[Site "Grubisno Polje"]
[Date "2014.04.06"]
[Round "5.3"]
[White "Frouth, Nenad"]
[Black "Sokac, Marko"]
[Result "1-0"]
[WhiteElo "2239"]
[BlackElo "2063"]
[PlyCount "88"]
[EventDate "2014.03.02"]
[EventType "team-match"]
[EventRounds "11"]
[EventCountry "CRO"]
[SourceTitle "EXT 2016"]
[Source "ChessBase"]
[SourceDate "2015.10.08"]
[SourceVersion "1"]
[SourceVersionDate "2015.10.08"]
[SourceQuality "1"]

1. e4 c5 2. Nf3 d6 3. Bb5+ Nd7 4. 0-0 Ngf6 5. Re1 a6 6. Bxd7+ Nxd7 7. c3 g6 8. d4 Bg7 9. Nbd2 0-0 10. a4 b6 11. Nc4 Bb7 12. Bg5 h6 13. Bh4 g5 14. Bg3 Bxe4 15. Rxe4 d5 16. Re1 dxc4 17. Qe2 b5 18. axb5 cxd4 19. Nxd4 Bxd4 20. cxd4 axb5 21. Rxa8 Qxa8 22. Qxe7 Qd8 23. h4 Nf6 24. hxg5 Ng4 25. Qxd8 Rxd8 26. f3 Rxd4 27. fxg4 Rxg4 28. Kf2 Rxg5 29. Re5 f6 30. Rxg5+ hxg5 31. Ke3 Kf7 32. Kd4 Ke6 33. Bc7 Kd7 34. Ba5 Ke6 35. Bd2 Kf5 36. Kc5 Ke4 37. Kxb5 Kd3 38. Bc3 f5 39. Bf6 g4 40. Be5 f4 41. Bxf4 c3 42. bxc3 Kxc3 43. g3 Kd4 44. Kc6 Ke4 1-0

[Event "CRO-chT2 Center 22nd"]
[Site "Sisak"]
[Date "2013.10.13"]
[Round "9.3"]
[White "Mathe, Gaspar"]
[Black "Frouth, Nenad"]
[Result "1-0"]
[WhiteElo "2330"]
[BlackElo "2246"]
[PlyCount "61"]
[EventDate "2013.04.14"]
[EventType "team-tourn"]
[EventRounds "11"]
[EventCountry "CRO"]
[SourceTitle "EXT 2016"]
[Source "ChessBase"]
[SourceDate "2015.10.08"]
[SourceVersion "1"]
[SourceVersionDate "2015.10.08"]
[SourceQuality "1"]

1. e4 e5 2. Nf3 Nc6 3. Bb5 a6 4. Ba4 Nf6 5. 0-0 Be7 6. Qe2 b5 7. Bb3 d6 8. c3 0-0 9. a4 b4 10. a5 Bb7 11. d4 bxc3 12. bxc3 exd4 13. cxd4 d5 14. e5 Ne4 15. Nbd2 Bb4 16. Nxe4 dxe4 17. Ng5 Qe7 18. Qxe4 g6 19. Qh4 h5 20. Qe4 Kg7 21. Bd5 Qe8 22. Rb1 Rb8 23. e6 f5 24. Qe3 Qd8 25. e7 Qxd5 26. Ne6+ Kf7 27. exf8Q+ Rxf8 28. Nxf8 Kxf8 29. Qb3 Ne7 30. Qxd5 Nxd5 31. Bf4 1-0

[Event "CRO-chT2 Center 22nd"]
[Site "Sisak"]
[Date "2013.10.06"]
[Round "7.42"]
[White "Jusic, Zdenko"]
[Black "Frouth, Nenad"]
[Result "0-1"]
[WhiteElo "2316"]
[BlackElo "2246"]
[PlyCount "46"]
[EventDate "2013.04.14"]
[EventType "team-tourn"]
[EventRounds "11"]
[EventCountry "CRO"]
[SourceTitle "EXT 2016"]
[Source "ChessBase"]
[SourceDate "2015.10.08"]
[SourceVersion "1"]
[SourceVersionDate "2015.10.08"]
[SourceQuality "1"]

1. e4 c6 2. d4 d5 3. exd5 cxd5 4. c4 Nf6 5. Nc3 e6 6. Nf3 Be7 7. c5 b6 8. b4 0-0 9. a3 Ne4 10. Qc2 Nxc3 11. Qxc3 bxc5 12. bxc5 Nc6 13. Rb1 e5 14. dxe5 d4 15. Qc2 f6 16. Bd3 Bg4 17. Bf4 Qa5+ 18. Qd2 Qc3 19. Be4 Rac8 20. 0-0 Bxf3 21. Bxf3 Qxa3 22. Rb2 Nxe5 23. Ra2 Qxc5 0-1

[Event "Zagreb op-A"]
[Site "Zagreb"]
[Date "2013.02.28"]
[Round "4"]
[White "Ostovic, Matija"]
[Black "Frouth, Nenad"]
[Result "1/2-1/2"]
[WhiteElo "2307"]
[BlackElo "2246"]
[PlyCount "35"]
[EventDate "2013.02.25"]
[EventType "swiss"]
[EventRounds "9"]
[EventCountry "CRO"]
[SourceTitle "CBM 153 Extra"]
[Source "ChessBase"]
[SourceDate "2013.04.22"]
[SourceVersion "1"]
[SourceVersionDate "2013.04.22"]
[SourceQuality "1"]

1. d4 Nf6 2. Nf3 g6 3. g3 Bg7 4. Bg2 0-0 5. 0-0 d5 6. c4 dxc4 7. Ne5 Nd5 8. Nxc4 Nb6 9. Nxb6 axb6 10. d5 e6 11. dxe6 Bxe6 12. Bxb7 Rxa2 13. Rxa2 Bxa2 14. Bf4 Qe7 15. Nc3 Be6 16. Qa4 Nd7 17. Nd5 Bxd5 18. Bxd5 1/2-1/2

[Event "Zagreb op-A"]
[Site "Zagreb"]
[Date "2012.03.12"]
[Round "9"]
[White "Loncar, Robert"]
[Black "Frouth, Nenad"]
[Result "1/2-1/2"]
[WhiteElo "2410"]
[BlackElo "2226"]
[PlyCount "29"]
[EventDate "2012.03.05"]
[EventType "swiss"]
[EventRounds "9"]
[EventCountry "CRO"]
[SourceTitle "CBM 147 Extra"]
[Source "ChessBase"]
[SourceDate "2012.04.24"]
[SourceVersion "1"]
[SourceVersionDate "2012.04.24"]
[SourceQuality "1"]

1. a3 a6 2. b4 e6 3. Bb2 Nf6 4. h3 c5 5. c3 b6 6. Nf3 Bb7 7. g3 Be7 8. Bg2 Qc7 9. d3 Nc6 10. 0-0 0-0 11. Nbd2 d5 12. d4 Nd7 13. dxc5 bxc5 14. bxc5 Bf6 15. Qc1 1/2-1/2